Chúng tôi ở vùng lò lửa Trung Á : Tập phóng sự

Sparad:
Bibliografiska uppgifter
Huvudupphovsman: Nguyễn, Như Phong
Materialtyp: Bok
Språk:Undetermined
Publicerad: Hà Nội Công an nhân dân 2004
Ämnen:
Taggar: Lägg till en tagg
Inga taggar, Lägg till första taggen!
Thư viện lưu trữ: Trung tâm Học liệu Trường Đại học Cần Thơ
LEADER 00595nam a2200205Ia 4500
001 CTU_63381
008 210402s9999 xx 000 0 und d
020 |b 58000 
082 |a 895.922301 
082 |b Ph431 
100 |a Nguyễn, Như Phong 
245 0 |a Chúng tôi ở vùng lò lửa Trung Á : 
245 0 |b Tập phóng sự 
245 0 |c Nguyễn Như Phong 
260 |a Hà Nội 
260 |b Công an nhân dân 
260 |c 2004 
650 |a Short stories, vietname 
904 |i Mai Loan 
980 |a Trung tâm Học liệu Trường Đại học Cần Thơ